[Event "SVK-chT1E 1920"]
[Site "Slovakia"]
[Date "2019.12.07"]
[Round "5.5"]
[White "Hanko, Pavol"]
[Black "Miciak, Maros"]
[Result "1-0"]
[WhiteElo "2107"]
[BlackElo "2097"]
[PlyCount "85"]
[EventDate "2019.10.12"]
[EventType "team-tourn"]
[EventRounds "11"]
[EventCountry "SVK"]
[SourceTitle "CBM 194 Extra"]
[Source "ChessBase"]
[SourceDate "2020.03.31"]
[SourceVersion "1"]
[SourceVersionDate "2020.03.31"]
[SourceQuality "1"]
[WhiteTeam "Dunajov Inbest II"]
[BlackTeam "Kysucke Nove Mesto"]
[WhiteTeamCountry "SVK"]
[BlackTeamCountry "SVK"]

1. d4 d5 2. Nf3 g6 3. c4 dxc4 4. e3 b5 5. a4 c6 6. b3 cxb3 7. axb5 Qb6 8. Qxb3 Be6 9. Qb2 Bg7 10. bxc6 Qxb2 11. Bxb2 Nxc6 12. Bb5 Bd7 13. 0-0 e6 14. Nc3 Nge7 15. Ba3 Bf8 16. Ne4 Nd5 17. Nd6+ Bxd6 18. Bxd6 Nb8 19. Rfb1 Bxb5 20. Rxb5 Nc6 21. e4 Nc3 22. Rc5 Ne2+ 23. Kf1 Nexd4 24. Nxd4 Nxd4 25. Rd1 e5 26. Rxe5+ Ne6 27. f4 0-0-0 28. f5 gxf5 29. exf5 Ng7 30. Re7 Rxd6 31. Rxd6 Nxf5 32. Rc6+ Kb8 33. Rxf7 Ne3+ 34. Kg1 Rg8 35. g3 h5 36. Rh6 Nc4 37. Rxh5 Nd6 38. Rd7 Nc8 39. Kg2 Rg4 40. h4 Ra4 41. Rb5+ Nb6 42. h5 Kc8 43. Rf7 1-0

[Event "SVK-chT1E 1819"]
[Site "Slovakia"]
[Date "2019.02.24"]
[Round "9.1"]
[White "Miciak, Maros"]
[Black "Repka, Christopher"]
[Result "0-1"]
[WhiteElo "2134"]
[BlackElo "2466"]
[PlyCount "98"]
[EventDate "2018.10.27"]
[EventType "team-tourn"]
[EventRounds "11"]
[EventCountry "SVK"]
[SourceTitle "CBM 189 Extra"]
[Source "ChessBase"]
[SourceDate "2019.06.03"]
[SourceVersion "1"]
[SourceVersionDate "2019.06.03"]
[SourceQuality "1"]
[WhiteTeam "Kysucke Nove Mesto"]
[BlackTeam "Kosice Slavia UPJS"]
[WhiteTeamCountry "SVK"]
[BlackTeamCountry "SVK"]

1. e4 g6 2. d4 Bg7 3. Be3 d6 4. c3 Nf6 5. f3 Nbd7 6. Qd2 e5 7. Na3 0-0 8. Rd1 d5 9. Bg5 exd4 10. cxd4 dxe4 11. fxe4 Qe8 12. e5 Ne4 13. Qe3 Nxg5 14. Qxg5 f6 15. Bc4+ Kh8 16. Qg3 fxe5 17. d5 e4 18. Rd2 Ne5 19. Ne2 e3 20. Rd4 Nxc4 21. Rxc4 Bxb2 22. Nc2 Bf5 23. 0-0 Bd3 24. Rxf8+ Qxf8 25. Rf4 Qg7 26. Ncd4 Bxe2 27. Nxe2 Be5 28. Qxe3 Bxf4 29. Nxf4 Qa1+ 30. Kf2 Qf6 31. Ke2 Rd8 32. g3 c6 33. Qxa7 Qb2+ 34. Kf3 cxd5 35. Qc5 Qf6 36. Ke3 d4+ 37. Kd2 g5 38. Nd3 h6 39. a4 Qe6 40. Kd1 Qb3+ 41. Kd2 Qa2+ 42. Kc1 Qe6 43. Kd1 Qe4 44. Kc1 Qh1+ 45. Kb2 Qxh2+ 46. Kb3 Qxg3 47. Qf5 Qd6 48. Ne5 Rf8 49. Nf7+ Rxf7 0-1

[Event "SVK-chT1E 1617"]
[Site "Slovakia"]
[Date "2017.02.26"]
[Round "9.3"]
[White "Belus, Benjamin"]
[Black "Miciak, Maros"]
[Result "0-1"]
[WhiteElo "1917"]
[BlackElo "2195"]
[PlyCount "38"]
[EventDate "2016.10.15"]
[EventType "team-tourn"]
[EventRounds "11"]
[EventCountry "SVK"]
[SourceTitle "EXT 2018"]
[Source "ChessBase"]
[SourceDate "2017.10.13"]
[SourceVersion "1"]
[SourceVersionDate "2017.10.13"]
[SourceQuality "1"]
[WhiteTeam "Kezmarok"]
[BlackTeam "Kysucke Nove Mesto"]
[WhiteTeamCountry "SVK"]
[BlackTeamCountry "SVK"]

1. e4 e5 2. Nc3 Nc6 3. Bc4 d6 4. Nge2 Be6 5. Bxe6 fxe6 6. 0-0 Nf6 7. f4 Be7 8. fxe5 dxe5 9. d3 0-0 10. Ng3 Qe8 11. Be3 Qg6 12. Kh1 Ng4 13. Bg1 Bh4 14. Nce2 Nd4 15. Qd2 Nxe2 16. Nxe2 Qh5 17. Nc3 Nxh2 18. Rxf8+ Rxf8 19. Qe3 Nf3 0-1

[Event "SVK-chT1E 1617"]
[Site "Slovakia"]
[Date "2016.12.10"]
[Round "5.3"]
[White "Pechac, Jergus"]
[Black "Miciak, Maros"]
[Result "1/2-1/2"]
[WhiteElo "2427"]
[BlackElo "2195"]
[PlyCount "94"]
[EventDate "2016.10.15"]
[EventType "team-tourn"]
[EventRounds "11"]
[EventCountry "SVK"]
[SourceTitle "EXT 2018"]
[Source "ChessBase"]
[SourceDate "2017.10.13"]
[SourceVersion "1"]
[SourceVersionDate "2017.10.13"]
[SourceQuality "1"]
[WhiteTeam "Zilina Mladost"]
[BlackTeam "Kysucke Nove Mesto"]
[WhiteTeamCountry "SVK"]
[BlackTeamCountry "SVK"]

1. Nf3 Nc6 2. d4 d5 3. Bf4 Bf5 4. e3 a6 5. Bd3 Bxd3 6. Qxd3 e6 7. Nbd2 Nf6 8. 0-0 Be7 9. h3 0-0 10. c3 Nh5 11. Bh2 f5 12. c4 Bd6 13. Ne5 Bxe5 14. dxe5 dxc4 15. Qe2 g6 16. Nxc4 f4 17. Rad1 Qg5 18. Qg4 Qxg4 19. hxg4 fxe3 20. Rd7 e2 21. Re1 Rad8 22. Rxd8 Rxd8 23. Ne3 Ng7 24. Rxe2 Nd4 25. Re1 c5 26. Nc4 b5 27. Nd6 Ne8 28. f3 Nxd6 29. exd6 Kf7 30. Kf2 Nc6 31. Rc1 c4 32. Ke3 e5 33. b3 cxb3 34. axb3 Rxd6 35. Ke4 Ke6 36. Rc5 Kf6 37. g5+ Ke6 38. Bxe5 Nxe5 39. Rxe5+ Kf7 40. Rc5 Ke6 41. g4 Kd7 42. b4 Re6+ 43. Re5 Rc6 44. Rd5+ Ke7 45. f4 Rc1 46. f5 Rg1 47. f6+ Ke6 1/2-1/2

[Event "SVK-chT1E 1516"]
[Site "Slovakia"]
[Date "2016.01.23"]
[Round "7.2"]
[White "Miciak, Maros"]
[Black "Michalicka, Milan"]
[Result "1-0"]
[WhiteElo "2141"]
[BlackElo "2167"]
[PlyCount "79"]
[EventDate "2015.10.24"]
[EventType "team-tourn"]
[EventRounds "11"]
[EventCountry "SVK"]
[SourceTitle "CBM 170 Extra"]
[Source "ChessBase"]
[SourceDate "2016.02.25"]
[SourceVersion "1"]
[SourceVersionDate "2016.02.25"]
[SourceQuality "1"]
[WhiteTeam "Zilina Mladost II"]
[BlackTeam "Banska Bystrica Junior"]
[WhiteTeamCountry "SVK"]
[BlackTeamCountry "SVK"]

1. e4 g6 2. d4 c5 3. Nf3 cxd4 4. Nxd4 Bg7 5. Be3 Nc6 6. Nc3 Nf6 7. f3 0-0 8. Qd2 d5 9. 0-0-0 dxe4 10. Nxc6 Qxd2+ 11. Rxd2 bxc6 12. Nxe4 Nd5 13. Bg5 f6 14. c4 fxg5 15. cxd5 cxd5 16. Nxg5 h6 17. Nh3 Be6 18. Nf2 Rfc8+ 19. Kb1 Rab8 20. Bd3 Bf7 21. Rc1 Be5 22. g3 Kg7 23. Ng4 Bd6 24. f4 Be8 25. Rxc8 Rxc8 26. Re2 a5 27. Ne3 Bf7 28. f5 g5 29. f6+ Kf8 30. Nf5 Bg6 31. fxe7+ Bxe7 32. Rxe7 Rc5 33. Rd7 Ke8 34. Rg7 Bxf5 35. Bxf5 d4 36. Bd3 Re5 37. Rh7 Re6 38. Kc2 Kd8 39. Bc4 Rf6 40. Rf7 1-0

[Event "SVK-chT2C 1516"]
[Site "Slovakia"]
[Date "2015.12.05"]
[Round "5.6"]
[White "Blumelova, Zdenka"]
[Black "Miciak, Maros"]
[Result "1-0"]
[WhiteElo "1967"]
[BlackElo "2141"]
[PlyCount "109"]
[EventDate "2015.10.17"]
[EventType "team-tourn"]
[EventRounds "11"]
[EventCountry "SVK"]
[SourceTitle "CBM 169 Extra"]
[Source "ChessBase"]
[SourceDate "2015.12.18"]
[SourceVersion "1"]
[SourceVersionDate "2015.12.18"]
[SourceQuality "1"]
[WhiteTeam "Rajecke Teplice"]
[BlackTeam "Kysucke Nove Mesto"]
[WhiteTeamCountry "SVK"]
[BlackTeamCountry "SVK"]

1. e4 e5 2. Nf3 Nc6 3. Bc4 Nf6 4. Ng5 d5 5. exd5 b5 6. Bb3 Nd4 7. d3 h6 8. Ne4 Nxd5 9. c3 Nxb3 10. Qxb3 c6 11. a4 Be6 12. Qc2 f5 13. Ng3 Bd6 14. 0-0 0-0 15. Re1 Qh4 16. axb5 cxb5 17. Ra6 Rad8 18. Nd2 Bc8 19. Rxa7 f4 20. Nf3 fxg3 21. Nxh4 gxf2+ 22. Kf1 fxe1Q+ 23. Kxe1 Bc5 24. Ra5 Bf2+ 25. Qxf2 Rxf2 26. Kxf2 b4 27. c4 Nf6 28. Ke2 e4 29. dxe4 Nxe4 30. Nf5 Be6 31. Ne3 Rc8 32. Kd3 Nc5+ 33. Kc2 Bf7 34. Bd2 Bg6+ 35. Kd1 Nb3 36. Rb5 Rd8 37. Rd5 Rb8 38. Be1 Bf7 39. Rd6 Nc5 40. Bh4 Kh7 41. Rc6 Ne4 42. Rc7 Bg6 43. g4 Nc3+ 44. Kc1 Ne2+ 45. Kd2 Nd4 46. Bf6 Ne6 47. Re7 Rd8+ 48. Nd5 Rd6 49. Be5 Ra6 50. Nxb4 Rb6 51. Kc3 Kg8 52. Nd5 Rc6 53. b4 Bf7 54. b5 Rc8 55. Rxe6 1-0

[Event "SVK-chT1E 1516"]
[Site "Slovakia"]
[Date "2015.10.25"]
[Round "2.2"]
[White "Miciak, Maros"]
[Black "Kusiak, Matej"]
[Result "0-1"]
[WhiteElo "2141"]
[BlackElo "2241"]
[PlyCount "139"]
[EventDate "2015.10.24"]
[EventType "team-tourn"]
[EventRounds "11"]
[EventCountry "SVK"]
[SourceTitle "CBM 169 Extra"]
[Source "ChessBase"]
[SourceDate "2015.12.18"]
[SourceVersion "1"]
[SourceVersionDate "2015.12.18"]
[SourceQuality "1"]
[WhiteTeam "Zilina Mladost II"]
[BlackTeam "Kosice Slavia"]
[WhiteTeamCountry "SVK"]
[BlackTeamCountry "SVK"]

1. e4 d5 2. exd5 Qxd5 3. Nc3 Qd6 4. d4 Nf6 5. Bc4 a6 6. Nf3 b5 7. Be2 Bb7 8. 0-0 Nc6 9. Ne5 Qxd4 10. Nxc6 Qxd1 11. Rxd1 Bxc6 12. Bf4 e6 13. Bxc7 Be7 14. Bd6 Rd8 15. Bxe7 Kxe7 16. a3 Rb8 17. Bd3 Rhd8 18. Ne2 Be4 19. Bxe4 Nxe4 20. Nd4 Rbc8 21. f3 Nc5 22. b3 g6 23. Rac1 e5 24. Ne2 f5 25. Kf2 Rxd1 26. Rxd1 Nd7 27. Rd2 Nf6 28. c3 Ke6 29. Rc2 a5 30. f4 Ng4+ 31. Kf3 Nxh2+ 32. Kg3 Ng4 33. fxe5 Ne3 34. Rc1 Kxe5 35. Kf3 Nd5 36. Nd4 Rxc3+ 37. Rxc3 Nxc3 38. Nc6+ Kf6 39. Nxa5 Nb1 40. a4 bxa4 41. bxa4 Nc3 42. g4 fxg4+ 43. Kxg4 Nxa4 44. Nc4 Nc5 45. Ne3 h5+ 46. Kh4 Kg7 47. Nc4 Kh6 48. Ne5 g5+ 49. Kh3 Ne4 50. Nc6 Kg6 51. Nd4 Nd6 52. Nc2 Nf5 53. Ne1 g4+ 54. Kg2 h4 55. Nd3 Kg5 56. Ne5 Ne3+ 57. Kf2 Nd5 58. Kg2 Kf5 59. Nc4 Ke4 60. Nd6+ Kf4 61. Nb5 Ke3 62. Nd6 Nf4+ 63. Kg1 Ne2+ 64. Kf1 Nd4 65. Kg2 Kf4 66. Nc4 h3+ 67. Kh2 Nf3+ 68. Kh1 g3 69. Ne3 Ng5 70. Nc4 0-1

[Event "SVK-chT1E 1516"]
[Site "Slovakia"]
[Date "2015.10.24"]
[Round "1.2"]
[White "Nayhebaver, Martin"]
[Black "Miciak, Maros"]
[Result "0-1"]
[WhiteElo "2417"]
[BlackElo "2141"]
[PlyCount "56"]
[EventDate "2015.10.24"]
[EventType "team-tourn"]
[EventRounds "11"]
[EventCountry "SVK"]
[SourceTitle "CBM 169 Extra"]
[Source "ChessBase"]
[SourceDate "2015.12.18"]
[SourceVersion "1"]
[SourceVersionDate "2015.12.18"]
[SourceQuality "1"]
[WhiteTeam "Michalovce Zemplin"]
[BlackTeam "Zilina Mladost II"]
[WhiteTeamCountry "SVK"]
[BlackTeamCountry "SVK"]

1. e4 c5 2. Nf3 d6 3. d4 cxd4 4. Nxd4 Nf6 5. Nc3 a6 6. Be3 e5 7. Nb3 Be7 8. f3 Be6 9. Qd2 0-0 10. 0-0-0 b5 11. g4 Nbd7 12. Kb1 Nb6 13. Qf2 Nc4 14. Bxc4 bxc4 15. Nc5 Rb8 16. Nxe6 fxe6 17. Qd2 Qc7 18. Qe2 d5 19. g5 d4 20. gxf6 dxc3 21. b3 Bxf6 22. Bc1 Rfc8 23. Qe3 cxb3 24. axb3 a5 25. Ka1 a4 26. b4 a3 27. Qc5 Qb7 28. Qd6 Rc6 0-1

[Event "SVK-chT2C 1415"]
[Site "Slovakia"]
[Date "2015.02.15"]
[Round "9.3"]
[White "Kopera, Michal"]
[Black "Miciak, Maros"]
[Result "0-1"]
[WhiteElo "2131"]
[BlackElo "2087"]
[PlyCount "52"]
[EventDate "2014.10.11"]
[EventType "team-tourn"]
[EventRounds "11"]
[EventCountry "SVK"]
[SourceTitle "EXT 2016"]
[Source "ChessBase"]
[SourceDate "2015.10.08"]
[SourceVersion "1"]
[SourceVersionDate "2015.10.08"]
[SourceQuality "1"]
[WhiteTeam "Zilina Mladost II"]
[BlackTeam "Kysucke Nove Mesto"]
[WhiteTeamCountry "SVK"]
[BlackTeamCountry "SVK"]

1. e4 e5 2. Nf3 Nc6 3. Bc4 Nf6 4. d3 Be7 5. c3 0-0 6. 0-0 d5 7. exd5 Nxd5 8. Re1 Nb6 9. Bb3 Bg4 10. h3 Bh5 11. Qe2 Kh8 12. Nbd2 f5 13. Nf1 Bc5 14. Be3 Bd6 15. Bxb6 axb6 16. Ng3 Bxf3 17. Qxf3 e4 18. dxe4 Ne5 19. Qe2 f4 20. Nf5 f3 21. Qd1 fxg2 22. f4 Nd3 23. Qxd3 Rxf5 24. Kxg2 Rxf4 25. Rad1 Qg5+ 26. Kh1 Rf2 0-1

[Event "SVK-chT2C 1415"]
[Site "Slovakia"]
[Date "2014.12.07"]
[Round "6.4"]
[White "Hros, Roman"]
[Black "Miciak, Maros"]
[Result "0-1"]
[WhiteElo "2111"]
[BlackElo "2087"]
[PlyCount "52"]
[EventDate "2014.10.11"]
[EventType "team-tourn"]
[EventRounds "11"]
[EventCountry "SVK"]
[SourceTitle "EXT 2016"]
[Source "ChessBase"]
[SourceDate "2015.10.08"]
[SourceVersion "1"]
[SourceVersionDate "2015.10.08"]
[SourceQuality "1"]
[WhiteTeam "Liptov Chess School III"]
[BlackTeam "Kysucke Nove Mesto"]
[WhiteTeamCountry "SVK"]
[BlackTeamCountry "SVK"]

1. Nf3 d5 2. b3 c5 3. e3 Nc6 4. Bb5 Bg4 5. Bb2 Nf6 6. h3 Bxf3 7. Qxf3 Rc8 8. 0-0 a6 9. Bxc6+ Rxc6 10. d3 g5 11. c4 d4 12. exd4 cxd4 13. g3 h5 14. Qg2 Bg7 15. Re1 g4 16. Ba3 e6 17. Bc1 Qa5 18. Rd1 h4 19. hxg4 Nxg4 20. gxh4 Rxh4 21. Nd2 Qh5 22. Nf3 Ne3 23. fxe3 Rg4 24. e4 Be5 25. Nxe5 Rxg2+ 26. Kxg2 Qxd1 0-1

[Event "SVK-chT2C 1415"]
[Site "Slovakia"]
[Date "2014.10.11"]
[Round "1.4"]
[White "Rysian, Jozef"]
[Black "Miciak, Maros"]
[Result "1/2-1/2"]
[WhiteElo "1923"]
[BlackElo "2087"]
[PlyCount "136"]
[EventDate "2014.10.11"]
[EventType "team-tourn"]
[EventRounds "11"]
[EventCountry "SVK"]
[SourceTitle "EXT 2016"]
[Source "ChessBase"]
[SourceDate "2015.10.08"]
[SourceVersion "1"]
[SourceVersionDate "2015.10.08"]
[SourceQuality "1"]
[WhiteTeam "Podbrezova ZP Sport"]
[BlackTeam "Kysucke Nove Mesto"]
[WhiteTeamCountry "SVK"]
[BlackTeamCountry "SVK"]

1. e4 e5 2. f4 Bc5 3. Nf3 Nc6 4. fxe5 Nh6 5. Nc3 Nd4 6. Na4 d6 7. Nxc5 dxc5 8. c3 Nxf3+ 9. Qxf3 Ng4 10. Qg3 h5 11. Bc4 h4 12. Qf4 Qe7 13. 0-0 Nxe5 14. Be2 Ng6 15. Qe3 Bd7 16. d4 0-0-0 17. a4 Rhe8 18. Bd3 Nf8 19. b4 Bc6 20. bxc5 Bxe4 21. Re1 f5 22. Ba3 Qf6 23. Qh3 Bxd3 24. Qxd3 Ng6 25. Rf1 Rd5 26. Rf2 Qg5 27. Raf1 Re3 28. Qd2 f4 29. Qa2 Rxc3 30. Bc1 Rd3 31. c6 R3xd4 32. cxb7+ Kb8 33. Qb3 Rd3 34. Qc4 h3 35. Bxf4 Nxf4 36. Qxf4 Qxf4 37. Rxf4 Kxb7 38. Rb4+ Kc6 39. Rg4 g5 40. Rf6+ Kc5 41. gxh3 Rxh3 42. Ra6 Rhd3 43. Rxa7 Kb6 44. Ra8 Rd2 45. Rb4+ Kc6 46. Ra6+ Kd7 47. Rf6 Ra2 48. h4 gxh4 49. Rxh4 Rg5+ 50. Kf1 Rd5 51. Re4 Rd1+ 52. Re1 Rd4 53. Ra6 Raxa4 54. Rxa4 Rxa4 55. Rd1+ Ke6 56. Ke2 Re4+ 57. Kd3 Kd5 58. Kc3+ Kc5 59. Kb3 Re3+ 60. Kb2 Kb4 61. Rd4+ Kb5 62. Kc2 c5 63. Rh4 Rg3 64. Rf4 Rg2+ 65. Kc3 Rg3+ 66. Kc2 c4 67. Rf8 Kb4 68. Rb8+ Kc5 1/2-1/2

[Event "Tatry op"]
[Site "Tatranske Zruby"]
[Date "2014.09.29"]
[Round "2"]
[White "Pagerka, Martin"]
[Black "Miciak, Maros"]
[Result "1-0"]
[WhiteElo "2297"]
[BlackElo "2087"]
[PlyCount "77"]
[EventDate "2014.09.28"]
[EventType "swiss"]
[EventRounds "9"]
[EventCountry "SVK"]
[SourceTitle "CBM 162 Extra"]
[Source "ChessBase"]
[SourceDate "2014.10.17"]
[SourceVersion "1"]
[SourceVersionDate "2014.10.17"]
[SourceQuality "1"]

1. e4 e5 2. Nf3 Nc6 3. Bb5 a6 4. Ba4 Nf6 5. 0-0 b5 6. Bb3 Bc5 7. Re1 d6 8. c3 Bg4 9. a4 0-0 10. h3 Bh5 11. d3 Na5 12. Bc2 b4 13. Nbd2 Rb8 14. Nf1 Nd7 15. g4 Bg6 16. Ng3 h5 17. gxh5 Bh7 18. h6 g6 19. d4 b3 20. Bd3 Ba7 21. Bxa6 f5 22. Bg5 Qe8 23. exf5 gxf5 24. dxe5 Qg6 25. Qd5+ Kh8 26. Qxa5 f4 27. Ne4 Qh5 28. Ned2 Rf5 29. Qxc7 Rg8 30. Kf1 Qxh3+ 31. Ke2 Rgxg5 32. Qd8+ Nf8 33. Nxg5 Rxe5+ 34. Nde4 Qg4+ 35. Kd2 Be3+ 36. fxe3 Qg2+ 37. Be2 fxe3+ 38. Kc1 Rf5 39. Qe7 1-0

[Event "Tatry op"]
[Site "Tatranske Zruby"]
[Date "2014.09.28"]
[Round "1"]
[White "Miciak, Maros"]
[Black "Michalicka, Milan"]
[Result "1-0"]
[WhiteElo "2087"]
[BlackElo "2225"]
[PlyCount "135"]
[EventDate "2014.09.28"]
[EventType "swiss"]
[EventRounds "9"]
[EventCountry "SVK"]
[SourceTitle "CBM 162 Extra"]
[Source "ChessBase"]
[SourceDate "2014.10.17"]
[SourceVersion "1"]
[SourceVersionDate "2014.10.17"]
[SourceQuality "1"]

1. e4 c5 2. b4 cxb4 3. d4 d5 4. e5 Nc6 5. Bb5 Qa5 6. Bxc6+ bxc6 7. Nd2 e6 8. Ne2 Ba6 9. 0-0 Nh6 10. Nb3 Qb5 11. Ng3 Nf5 12. Re1 Nxg3 13. hxg3 h5 14. Bg5 Bb7 15. f4 g6 16. Qd2 a5 17. a4 bxa3 18. Reb1 a2 19. Rxa2 a4 20. Rba1 Kd7 21. Nc1 c5 22. dxc5 Bxc5+ 23. Kh2 Rhc8 24. c3 a3 25. Nd3 Ra4 26. Qc2 Ra7 27. Rb1 Qc4 28. Nxc5+ Qxc5 29. Qb3 Qxc3 30. Rxa3 Qxb3 31. Raxb3 Ba6 32. Rb6 Rc6 33. Rb8 Rc2 34. Rd8+ Kc7 35. Rbb8 Bb7 36. Be7 Raa2 37. Bd6+ Kc6 38. Kh3 Rxg2 39. Kh4 Rh2+ 40. Kg5 Rh3 41. Kf6 Rxg3 42. Ke7 d4 43. Rd7 Ra7 44. Rc7+ Kb6 45. Rc4 Rc3 46. Rxd4 h4 47. Kxf7 h3 48. Rd2 Rg3 49. Rc2 Rg2 50. Bc5+ Ka6 51. Rxg2 hxg2 52. Kxe6 Be4 53. Rb6+ Ka5 54. Rb2 Ra6+ 55. Kd7 Rc6 56. Be3 Rc3 57. Bb6+ Ka6 58. e6 Bf5 59. Kd6 Rd3+ 60. Ke7 Rd1 61. Kf7 g1Q 62. Bxg1 Rxg1 63. e7 Bd7 64. Rd2 Bb5 65. Ra2+ Kb6 66. Rb2 Re1 67. Rxb5+ Kxb5 68. e8Q+ 1-0

[Event "SVK-chT1E 1314"]
[Site "Slovakia"]
[Date "2014.03.01"]
[Round "8.8"]
[White "Pcola, Jaroslav"]
[Black "Miciak, Maros"]
[Result "1-0"]
[WhiteElo "1890"]
[BlackElo "2093"]
[PlyCount "97"]
[EventDate "2013.10.12"]
[EventType "team-tourn"]
[EventRounds "11"]
[EventCountry "SVK"]
[SourceTitle "EXT 2015"]
[Source "ChessBase"]
[SourceDate "2014.11.20"]
[SourceVersion "1"]
[SourceVersionDate "2014.11.20"]
[SourceQuality "1"]
[WhiteTeam "Humenne"]
[BlackTeam "Kysucke Nove Mesto"]
[WhiteTeamCountry "SVK"]
[BlackTeamCountry "SVK"]

1. e4 e5 2. Nf3 Nc6 3. d4 exd4 4. Bc4 d6 5. Nxd4 Ne5 6. Be2 Nf6 7. Nc3 Be7 8. f4 Ng6 9. 0-0 d5 10. e5 Ne4 11. Nxe4 dxe4 12. Bb5+ Bd7 13. Qe2 Bc5 14. Rd1 c6 15. Bc4 Qb6 16. Qxe4 Bg4 17. Rd3 Ne7 18. Kh1 0-0-0 19. Nb3 Bf5 20. Rxd8+ Rxd8 21. Qe2 Nd5 22. Bd2 Bb4 23. Bxb4 Qxb4 24. Bxd5 Rxd5 25. Qf2 a5 26. c3 Qa4 27. Nd4 Bd7 28. b3 Qa3 29. c4 Rc5 30. Nc2 Qb2 31. Qxc5 Qxc2 32. Qf8+ Kc7 33. Qd6+ Kc8 34. Rd1 Qf5 35. Qf8+ Kc7 36. Qd6+ Kc8 37. e6 Qxe6 38. Qxe6 Bxe6 39. g3 Bg4 40. Rd2 Be6 41. Kg2 Kc7 42. Kf3 h5 43. Ke4 g6 44. Ke5 a4 45. Rd6 Bf5 46. bxa4 Bb1 47. Rd2 Bf5 48. a5 Be6 49. c5 1-0

[Event "SVK-chT1E 1213"]
[Site "Slovakia"]
[Date "2013.03.24"]
[Round "11.5"]
[White "Miciak, Maros"]
[Black "Haring, Viktor"]
[Result "0-1"]
[WhiteElo "2083"]
[BlackElo "2013"]
[PlyCount "64"]
[EventDate "2012.10.20"]
[EventType "team-tourn"]
[EventRounds "11"]
[EventCountry "SVK"]
[SourceTitle "EXT 2015"]
[Source "ChessBase"]
[SourceDate "2014.11.20"]
[SourceVersion "1"]
[SourceVersionDate "2014.11.20"]
[SourceQuality "1"]
[WhiteTeam "Kysucke Nove Mesto"]
[BlackTeam "Banska Bystrica Junior"]
[WhiteTeamCountry "SVK"]
[BlackTeamCountry "SVK"]

1. e4 c5 2. b4 cxb4 3. d4 e6 4. a3 Qc7 5. Bd3 bxa3 6. Bxa3 Bxa3 7. Rxa3 d6 8. Ne2 Nf6 9. 0-0 0-0 10. Rc3 Qe7 11. e5 dxe5 12. dxe5 Nd5 13. Rb3 Nc6 14. f4 Qc5+ 15. Rf2 Ne3 16. Bxh7+ Kxh7 17. Qd3+ Nf5 18. g4 Rd8 19. Qe4 Rd1+ 20. Kg2 Ncd4 21. Rh3+ Kg8 22. Nbc3 Bd7 23. Nxd4 Rxd4 24. Qe2 Bc6+ 25. Kf1 Rc4 26. gxf5 Rxc3 27. Rxc3 Qxc3 28. Qg4 Qa1+ 29. Ke2 Rd8 30. h3 Qd1+ 31. Ke3 Qc1+ 32. Ke2 Rd2+ 0-1

[Event "SVK-chT1E 1213"]
[Site "Slovakia"]
[Date "2012.10.21"]
[Round "2.4"]
[White "Demeter, Peter"]
[Black "Miciak, Maros"]
[Result "1-0"]
[WhiteElo "2187"]
[BlackElo "2083"]
[PlyCount "105"]
[EventDate "2012.10.20"]
[EventType "team-tourn"]
[EventRounds "11"]
[EventCountry "SVK"]
[SourceTitle "EXT 2014"]
[Source "ChessBase"]
[SourceDate "2013.11.20"]
[SourceVersion "1"]
[SourceVersionDate "2013.11.20"]
[SourceQuality "1"]
[WhiteTeam "Sabinov"]
[BlackTeam "Kysucke Nove Mesto"]
[WhiteTeamCountry "SVK"]
[BlackTeamCountry "SVK"]

1. c4 e5 2. d3 f5 3. Nf3 Nc6 4. g3 Nf6 5. Bg2 Be7 6. 0-0 0-0 7. Nc3 d6 8. Rb1 Rb8 9. b4 Qe8 10. b5 Na5 11. Nd5 Nxd5 12. cxd5 Bd7 13. Qc2 b6 14. Bd2 Nb7 15. a4 a6 16. bxa6 Bxa4 17. Qa2 Nc5 18. Nxe5 Ra8 19. Be3 Nxa6 20. d4 Kh8 21. Nd3 g5 22. Qd2 Qg6 23. f4 h6 24. Bf2 Bd7 25. Kh1 Rac8 26. Qa2 Nb8 27. Qa7 Bd8 28. Qb7 Qe8 29. Rfe1 Qg6 30. Rbc1 Qh7 31. Kg1 Re8 32. Ne5 gxf4 33. gxf4 Rg8 34. Kh1 dxe5 35. dxe5 c5 36. Bf3 Bc7 37. Rg1 Bb5 38. Bh4 Bxe5 39. Qxh7+ Kxh7 40. fxe5 Nd7 41. Rxg8 Rxg8 42. e6 Ne5 43. d6 Rg6 44. d7 Nxd7 45. exd7 Bxd7 46. Bg3 Bc6 47. Kg2 Kg7 48. Kf2 Bxf3 49. Kxf3 Rc6 50. Ke3 Kf6 51. Bf4 Ke6 52. Kd3 Kd5 53. Rb1 1-0